00355nam a2200133Ia 4500008004100000041000800041082002000049100001500069245004500084250000800129260005000137300001300187999002100200231229s2016 xx 000 0 und d aeng a342.540853bDAS aDAS (P.K.) aHandbook on The Right to Information Act a5th bUniversal Law Publishing Co. Pvt. Ltd. c2016 avi, 1096 c1125852d1125852